Neštěkej na svého psa : manuál láskyplné a efektivní výchovy /
Kniha je určená všem, kdo si chtějí společné chvíle se psím parťákem užít s radostí a vychovávat jej pomocí moderních tréninkových postupů. Tedy bez strachu z trestů, zato tak, jak to mají psi rádi - hrou a metodou pozitivního posilování.
Uloženo v:
| Hlavní autor: | |
|---|---|
| Další autoři: | |
| Médium: | E-kniha |
| Jazyk: | Czech |
| Vydáno: |
V Brně :
Jan Melvil Publishing,
2022
|
| Vydání: | Vydání první |
| Edice: | Briquet
|
| Témata: | |
| On-line přístup: | Online verze |
| Tagy: |
Žádné tagy |
| LEADER | 02784nam a2200553 i 4500 | ||
|---|---|---|---|
| 001 | 311765 | ||
| 003 | CZ PrSKC | ||
| 005 | 20260601215711.0 | ||
| 007 | ta | ||
| 008 | 221021s2022 xr a e f 000 0 cze | ||
| 015 | |a cnb003465768 | ||
| 020 | |a 9788075551672 |q (brožováno) | ||
| 035 | |a (OCoLC)1357138719 | ||
| 040 | |a BOA001 |b cze |e rda | ||
| 072 | 7 | |a 636 |x Chov zvířat. Živočišná výroba |2 Konspekt | |
| 080 | |a 636.7 |2 MRF | ||
| 080 | |a 636.088 |2 MRF | ||
| 080 | |a 591.58 |2 MRF | ||
| 080 | |a 179.3 |2 MRF | ||
| 080 | |a (035) |2 MRF | ||
| 100 | 1 | |a Nushart, Tomáš |7 mzk20221167544 |4 aut | |
| 245 | 1 | 0 | |a Neštěkej na svého psa : |b manuál láskyplné a efektivní výchovy / |c Tomáš Nushart ; ilustrovala Toy_Box |
| 250 | |a Vydání první | ||
| 264 | 1 | |a V Brně : |b Jan Melvil Publishing, |c 2022 | |
| 300 | |a 208 stran : |b barevné ilustrace ; |c 16 cm | ||
| 336 | |a text |b txt |2 rdacontent | ||
| 337 | |a bez média |b n |2 rdamedia | ||
| 338 | |a svazek |b nc |2 rdacarrier | ||
| 490 | 1 | |a Briquet | |
| 504 | |a Obsahuje bibliografické odkazy | ||
| 520 | 2 | |a Kniha je určená všem, kdo si chtějí společné chvíle se psím parťákem užít s radostí a vychovávat jej pomocí moderních tréninkových postupů. Tedy bez strachu z trestů, zato tak, jak to mají psi rádi - hrou a metodou pozitivního posilování. |b Mimo jiné se dozvíte: Které mýty o výchově psů mezi lidmi kolují. Jak používat klikr nebo pamlsky a učit úspěchem. Jakými metodami řešit problémové chování. Proč se psem nacvičit klidné ležení na dece. Jak ho zbavit strachu z hluku nebo samoty. Zkrátka zjistíte, že svého psa můžete naučit i odnaučit spoustu věcí, a to vše nenásilnou formou. Nakladatelská anotace. Kráceno. | |
| 650 | 0 | 7 | |a psi |7 ph115940 |2 czenas |
| 650 | 0 | 7 | |a výcvik zvířat |7 ph135107 |2 czenas |
| 650 | 0 | 7 | |a komunikace živočichů |7 ph134853 |2 czenas |
| 650 | 0 | 7 | |a člověk a zvíře |7 ph128185 |2 czenas |
| 650 | 0 | 9 | |a dogs |2 eczenas |
| 650 | 0 | 9 | |a animal training |2 eczenas |
| 650 | 0 | 9 | |a animal communication |2 eczenas |
| 650 | 0 | 9 | |a human-animal relationships |2 eczenas |
| 655 | 7 | |a příručky |7 fd133209 |2 czenas | |
| 655 | 9 | |a handbooks and manuals |2 eczenas | |
| 700 | 0 | |a Toy Box, |d 1985- |7 xx0058060 |4 ill | |
| 830 | 0 | |a Briquet | |
| 856 | 4 | 1 | |u https://www.bookport.cz/kniha/nestekej-na-sveho-psa-11171/ |y Online verze |4 N |
| 900 | |a ABA001 |b 19 | ||
| 044 | |a xr | ||
| 910 | |a RBIT002 | ||
| 998 | |d 364488 |a https://core.palmknihy.cz/api/books/364488/cover?rlr0g1 |b https://core.palmknihy.cz/api/books/364488/cover/400?rlr0g1 |c https://core.palmknihy.cz/api/books/364488/cover/50?rlr0g1 |e |g 208 |i 9788075551672 |j https://core.palmknihy.cz/api/books/364488/preview.epub |l |q 49 |r 1 |s https://www.palmknihy.cz/kniha/364488 |t ebook |y 2022 |z 0 | ||
| 999 | |d 311763 | ||